Music Quiz

Random Music or Bands Quiz

Band Duos by Picture Quiz Stats

Quiz Updated Apr 20, 2015

Challenge
Share
Tweet
Score 0/16 Timer 06:00
0 Plays Today
Hint Answer % Correct
Sonny & Cher
88.9%
Simon and Garfunkel
86.2%
Wham!
78.5%
Hall & Oates
73.7%
The White Stripes
70.7%
Daft Punk
70.6%
Eurythmics
59.7%
Tenacious D
58.6%
Hint Answer % Correct
OutKast
54.3%
Ike & Tina Turner
53.4%
The Everly Brothers
52.7%
The Judds
48.9%
DJ Jazzy Jeff & the Fresh Prince
43.5%
Kris Kross
38.2%
Tegan and Sara
25.4%
Loggins & Messina
13.3%

You're not logged in!

Compare scores with friends on all Sporcle quizzes.
Sign Up with Email
OR
Log In

You Might Also Like...

Show Comments

Extras

Top Quizzes Today


Score Distribution

Your Account Isn't Verified!

In order to create a playlist on Sporcle, you need to verify the email address you used during registration. Go to your Sporcle Settings to finish the process.